000 00468nam a2200157 i 4500
001 104653
003 ES-MaACL
005 20230906183646.0
007 t|
008 051207s1955 sp ||||1| spa d
110 2 _aEspaña.
_bMinisterio de Educación Nacional.
_93859
245 1 0 _aConsejo Nacional de Educación /
_cMinisterio de Educación Nacional.
260 _aMadrid :
_b[s.n.],
_c1955.
300 _a77 p. ;
_c12 cm.
852 _aES-MaACL
_jB-13287
_bR.37878
999 _c104653
_d104653